000 00311nam a22001337a 4500
008 170307b xxu||||| |||| 00| 0 eng d
020 _a9780805359039
041 _aeng
080 _27TH
_a611
100 _a6
101 _aSHM
245 _aANATOMY & PHYSIOLOGY COLORING WORKBOOK
_cMARIEB, E.M
942 _2udc
_cBK
999 _c6947
_d6947